5-Star TV Villains Quiz Stats

 Plays Quiz Updated Dec 14, 2016

Challenge
Share
Tweet
Embed
Score 0/40 Timer 08:00
2 Plays Today
% Correct
Tywin Lannister
88.7%
C. Montgomery Burns
87.1%
Sideshow Bob
86.5%
Joffrey Baratheon
86.3%
Petyr 'Littlefinger' Baelish
81.7%
Ramsay Bolton
74%
Ghost Clown
71.7%
Fat Tony
70.7%
Walder Frey
69.2%
Redbeard's Ghost
69.1%
Spooky Space Kook
68.5%
Philip 'The Governor' Blake
61.6%
Gustavo Fring
61.2%
Negan
59.8%
Tuco Salamanca
58.7%
Creeper
58.4%
Miner Forty-Niner
55.5%
Snake Jailbird
55.4%
Phillip Bauer
51.5%
Shane Walsh
45.3%
% Correct
Arnold Rothstein
43.3%
Hank Scorpio
41.7%
Margot Al-Harazi
38.7%
Gyp Rosetti
38.6%
The Cousins
37.3%
Nina Myers
35.6%
'Uncle' Jack Welker
34.9%
Gareth
34.5%
Joe Masseria
34.2%
Todd Alquist
33.6%
Sherry Palmer
32%
Russell Edgington
31.6%
René Lenier
31.3%
Maryann Forrester
29.2%
Dr. Valentin Narcisse
28.7%
Victor Drazen
27.9%
Marnie Stonebrook
27.5%
The Commodore
27.3%
Sarah Newlin
27.1%
Dawn Lerner
21%

You're not logged in!

Compare scores with friends on all Sporcle quizzes.
OR
Log In

You Might Also Like...

Show Comments

Extras

Top Quizzes Today


Score Distribution

Your Account Isn't Verified!

In order to create a playlist on Sporcle, you need to verify the email address you used during registration. Go to your Sporcle Settings to finish the process.

Report this User

Report this user for behavior that violates our Community Guidelines.

Details: